La nuova gioventù : poesie friulane 1941-1974 /

Guardat en:
Dades bibliogràfiques
Autor principal: Pasolini, Pier Paolo (Autor)
Format: Llibre
Idioma:italià
Furlà
Publicat: Torino : Einaudi, 1981
Col·lecció:Gli struzzi ; 243
Etiquetes: Afegir etiqueta
Sense etiquetes, Sigues el primer a etiquetar aquest registre!

MARC

LEADER 00000nam a22000007i 4500
001 IT\ICCU\RAV\0224686
003 ItRI
005 20260115231855.0
008 930922s1981 it |||||| ||||| |||||c
015 |2 IT  |a 834239 
020 |a 8806525069 (Rist. 1996) 
040 |b ita  |c importazione bologna sebina 
041 7 |a ita  |a fur  |2 ISO-639-2 
082 |a 859.9  |9 LETTERATURE RETOROMANZE  |2 18 
100 1 |a Pasolini, Pier Paolo  |0 IT\ICCU\CFIV\001068  |4 aut 
245 1 3 |a La nuova gioventù :  |b poesie friulane 1941-1974 /  |c Pier Paolo Pasolini. 
260 |a Torino :  |b Einaudi,  |c 1981 
300 |a 272 p. ;  |c 20 cm 
830 4 |a Gli struzzi ;  |v 243  |0 IT\ICCU\CFI\0000238 
942 |2 ddc  |c BK  |n 0 
952 |0 0  |1 0  |4 0  |6 DOC_851_914000000000000_PAS  |7 0  |9 14904  |a BO  |b BO  |d 2026-01-15  |i 653  |l 0  |o DOC 851.914 PAS  |p BO653  |r 2026-01-15 23:18:55  |w 2026-01-15  |x [Sebina 5] [1 v.]  |y BK  |z 1 v. 
999 |c 12840  |d 12840